| Tag |
First Indicator |
Second Indicator |
Subfields |
| LEADER |
00000cam a2200000Mi 4500 |
| 001 |
in00004769921 |
| 006 |
m o d |
| 007 |
cr |n||||||||| |
| 008 |
170422s2017 enkab ob 001 0 eng d |
| 005 |
20240201202339.3 |
| 035 |
|
|
|a (OCoLC)ocn983739074
|
| 040 |
|
|
|a EBLCP
|b eng
|e pn
|c EBLCP
|d OCLCO
|d YDX
|d SFB
|d OCLCQ
|d UIU
|d OTZ
|d U3W
|d KIJ
|d LND
|d OCLCF
|d CEF
|d VT2
|d BRX
|d UEJ
|d WYU
|d OCLCQ
|d SOI
|d FIE
|d OCLCQ
|d EBLCP
|d OCLCQ
|d OCLCO
|d STBDS
|d OCLCQ
|d OCLCO
|d OCLCL
|
| 019 |
|
|
|a 957739445
|a 994944823
|a 1043069728
|a 1044540791
|a 1048167000
|a 1056499624
|a 1056525702
|a 1066670478
|a 1081087466
|a 1107336954
|a 1125815643
|a 1135521150
|a 1136289186
|
| 020 |
|
|
|a 9780191062254
|
| 020 |
|
|
|a 0191062251
|
| 020 |
|
|
|a 9780191805967
|
| 020 |
|
|
|a 0191805963
|
| 020 |
|
|
|a 0198744811
|
| 020 |
|
|
|a 9780198744818
|
| 020 |
|
|
|z 0198744803
|
| 020 |
|
|
|z 9780198744801
|
| 035 |
|
|
|a (OCoLC)983739074
|z (OCoLC)957739445
|z (OCoLC)994944823
|z (OCoLC)1043069728
|z (OCoLC)1044540791
|z (OCoLC)1048167000
|z (OCoLC)1056499624
|z (OCoLC)1056525702
|z (OCoLC)1066670478
|z (OCoLC)1081087466
|z (OCoLC)1107336954
|z (OCoLC)1125815643
|z (OCoLC)1135521150
|z (OCoLC)1136289186
|
| 043 |
|
|
|a d------
|
| 050 |
|
4 |
|a HC59.72.P6
|b M43 2017
|
| 082 |
0 |
4 |
|a 362.5/091724
|2 23
|
| 049 |
|
|
|a TXAM
|
| 245 |
0 |
0 |
|a Measuring poverty and wellbeing in developing countries /
|c edited by Channing Arndt and Finn Tarp, A study prepared by the United Nations University World Institute for Development Economics Research (UNU-WIDER).
|
| 246 |
1 |
4 |
|a Measuring poverty & wellbeing in developing countries
|
| 246 |
3 |
|
|a Measuring poverty and well-being in developing countries
|
| 250 |
|
|
|a First edition.
|
| 264 |
|
1 |
|a Oxford ;
|a New York :
|b Oxford University Press,
|c 2017.
|
| 300 |
|
|
|a 1 online resource (xxiv, 347 pages) :
|b illustrations, maps
|
| 336 |
|
|
|a text
|b txt
|2 rdacontent
|
| 336 |
|
|
|a still image
|b sti
|2 rdacontent
|
| 336 |
|
|
|a cartographic image
|b cri
|2 rdacontent
|
| 337 |
|
|
|a computer
|b c
|2 rdamedia
|
| 338 |
|
|
|a online resource
|b cr
|2 rdacarrier
|
| 490 |
1 |
|
|a UNU-WIDER studies in development economics
|
| 500 |
|
|
|a "A study prepared by the United Nations University World Institute for Development Economics Research (UNU-WIDER)."
|
| 504 |
|
|
|a Includes bibliographical references and index.
|
| 505 |
0 |
0 |
|g Part 1.
|t Principles and choices.
|t Measuring poverty and wellbeing in developing countries : motivation and overview /
|r Channing Arndt and Finn Tarp --
|t Absolute poverty lines /
|r Channing Arndt, Kristi Mahrt, and Finn Tarp --
|t Multidimensional first-order dominance comparisons of population wellbeing /
|r Nikolaj Siersboek, Lars Peter Østerdal, and Channing Arndt --
|t Estimation in practice /
|r Channing Arndt and Kristi Mahrt. --
|g part 2.
|t Country applications.
|t Estimating utility-consistent poverty in Ethiopia, 2000-11 /
|r David Stifel and Tassew Woldehanna --
|t Estimating utility-consistent poverty in Madagascar, 2001-10 /
|r David Stifel, Tiaray Razafimanantena, and Faly Rakotomanana --
|t Methods matter : the sensitivity of Malawian poverty estimates to definitions, data, and assumptions /
|r Ulrik Beck, Richard Mussa, and Karl Pauw --
|t A review of consumption poverty estimation for Mozambique /
|r Channing Arndt, Sam Jones, Kristi Mahrt, Vincenzo Salvucci, and Finn Tarp --
|t Poverty trends in Pakistan /
|r Edward Whitney, Hina Nazli, and Kristi Mahrt --
|t Uganda : a new set of utility-consistent poverty lines /
|r Bjorn Van Campenhout, Haruna Sekabira, and Fiona Nattembo --
|t Estimating multidimensional childhood poverty in the Democratic Republic of Congo : 2007 through 2013 /
|r Kristi Mahrt and Malokele Nanivazo --
|t Child deprivation and income poverty in Ghana /
|r Raymond Elikplim Kofinti and Samuel Kobina Annim --
|t Measuring multidimensional poverty in Nigeria /
|r Olu Ajakaiye, Afeikhena T. Jerome, Olanrewaju Olaniyan, Kristi Mahrt, and Olufunke A. Alaba --
|t Multidimensional assessment of child welfare for Tanzania /
|r Channing Arndt, Vincent Leyaro, Kristi Mahrt, and Finn Tarp --
|t Estimating multidimensional poverty in Zambia /
|r Kristi Mahrt and Gibson Masumbu. --
|g part 3.
|t Summing-up and lessons learnt.
|t Synthesis /
|r Channing Arndt, Kristi Mahrt, and Finn Tarp --
|t Keep it real : measuring real inequality using survey data from developing countries /
|r Ulrik Beck --
|t Conclusions and looking forward /
|r Channing Arndt and Finn Tarp. --
|g appendix A.
|t User guide to Poverty Line Estimation Analytical Software -- PLEASe /
|r Channing Arndt, Ulrik Beck, M. Azhar Hussain, Kristi, Mahrt, Kenneth Simler, and Finn Tarp --
|g appendix B.
|t User guide to Estimating First-Order Dominance software (EFOD) /
|r Channing Arndt and Kristi Mahrt.
|
| 520 |
2 |
|
|a "This book focuses on two domains: the measurement of absolute consumption poverty and a first-order dominance approach to multidimensional welfare analysis. In each domain, it provides a series of computer codes designed to facilitate analysis by allowing the analyst to start from a flexible and known base. The volume covers the theoretical grounding for the code streams provided, a chapter on 'estimation in practice', and a series of 11 case studies where the code streams are operationalized, as well as a synthesis, an extension to inequality, and a look forward."--Page 4 of cover
|
| 588 |
0 |
|
|a Print version record.
|
| 650 |
|
0 |
|a Poor
|z Developing countries.
|
| 650 |
|
0 |
|a Poverty
|x Measurement.
|
| 650 |
|
0 |
|a Well-being
|z Developing countries.
|
| 650 |
|
0 |
|a Well-being
|x Measurement.
|
| 650 |
|
7 |
|a Poor
|2 fast
|
| 650 |
|
7 |
|a Poverty
|x Measurement
|2 fast
|
| 650 |
|
7 |
|a Well-being
|2 fast
|
| 651 |
|
7 |
|a Developing countries
|2 fast
|
| 655 |
|
7 |
|a Electronic books.
|2 local
|
| 700 |
1 |
|
|a Arndt, Channing,
|e editor,
|e contributor.
|
| 700 |
1 |
|
|a Tarp, Finn,
|d 1951-
|e editor,
|e contributor.
|1 https://id.oclc.org/worldcat/entity/E39PBJrm8RYvJ4Kcw33bBpctrq
|
| 710 |
2 |
|
|a World Institute for Development Economics Research,
|e issuing body.
|
| 710 |
2 |
|
|a Oxford University Press.
|
| 776 |
0 |
8 |
|i Print version:
|a Arndt, Channing.
|t Measuring Poverty and Wellbeing in Developing Countries.
|z 9780198744801
|
| 830 |
|
0 |
|a Studies in development economics.
|
| 856 |
4 |
0 |
|u https://academic.oup.com/book/36297
|z Connect to the full text of this electronic book
|t 0
|
| 955 |
|
|
|a Oxford University Press Open Access ebooks
|
| 994 |
|
|
|a 92
|b TXA
|
| 999 |
f |
f |
|s 3ed231be-0696-4c1f-8dcb-5c70ecc9f2d6
|i 35c15674-150a-4bc9-b722-1cda277c9aef
|t 0
|
| 952 |
f |
f |
|a Texas A&M University
|b College Station
|c Electronic Resources
|d Available Online
|t 0
|e HC59.72.P6 M43 2017
|h Library of Congress classification
|
| 998 |
f |
f |
|a HC59.72.P6 M43 2017
|t 0
|l Available Online
|